Statystyki dla Nazwij Stolicę Świata A-Z - 30 sekund sprintu

Kliknij tutaj aby rozwiązać quiz!

Ogólne statystyki

  • Ten quiz został rozwiązany 710 razy
  • Średni wynik to 7 z 25

Statystyki odpowiedzi

LiteraStolica% Poprawnych
BBerlin | Bruksela | Budapeszt | +22
86%
AAteny | Amsterdam | Andora | +12
82%
WWarszawa | Wiedeń | Watykan | +6
71%
MMadryt | Moskwa | Mińsk | +16
44%
PParyż | Praga | Pekin | +15
42%
DDublin | Damaszek | Dżakarta | +7
38%
LLondyn | Lizbona | Luksemburg | +8
34%
KKopenhaga | Kijów | Kair | +12
28%
OOslo | Ottawa
27%
EErywań
24%
RRzym | Ryga | Reykjavik | Rabat | Rijad | Roseau
24%
CCanberra | Caracas | Chartum | Castries
22%
SSan Marino | Sztokholm | Sofia | +15
22%
HHelsinki | Hawana | Hanoi | Harare | Honiara
21%
TTokio | Tallinn | Tirana | +9
20%
ZZagrzeb
17%
NNikozja | Nowe Delhi | Nursultan | +8
13%
VVaduz | Valletta | Victoria
13%
JJerozolima | Jaunde | Jamusukro
11%
GGwatemala | Georgetown | Gaborone | Gitega
10%
IIslamabad
9%
QQuito
9%
FFreetown | Funafuti
8%
UUłan Bator
8%
YYaren
7%

Rozkład punktacji

Percentyl według liczby udzielonych odpowiedzi

Procent ludzi z każdym wynikiem

Twoja historia wyników

Nie rozwiązałeś tego quizu